Mort Subite - Trouve les 96 coureurs qui ont fini le Tour de France 98 - Statistiques

Statistiques générales
  • Ce quiz a été pris 22 fois
  • Le résultat moyen est 18 sur 96
Answers on the Grid
Answers color-coded by a green-red scale on the quiz's grid according to % correct below.
Marco Pantani
Jan Ullrich
Bobby Julich
Christophe Rinero
Michael Boogerd
Jean-Cyril Robin
Roland Meier
Daniele Nardello
Giuseppe Di Grande
Axel Merckx
Bjarne Riis
Dariusz Baranowski
Stéphane Heulot
Leonardo Piepoli
Bo Hamburger
Kurt Van De Wouwer
Kevin Livingston
Jörg Jaksche
Peter Farazijn
Andrey Teteryuk
Udo Bölts
Laurent Madouas
Geert Verheyen
Evgeni Berzin
Thierry Bourguignon
Georg Totschnig
Benoît Salmon
Alberto Elli
Philippe Bordenave
Christophe Agnolutto
Oscar Pozzi
Maarten den Bakker
Patrick Jonker
Pascal Chanteur
Massimiliano Lelli
Massimo Podenzana
Viatcheslav Ekimov
Denis Leproux
Beat Zberg
Lylian Lebreton
Andrea Tafi
Rolf Aldag
Koos Moerenhout
Peter Meinert Nielsen
Riccardo Forconi
Fabio Sacchi
Nicolas Jalabert
Massimo Donati
Tyler Hamilton
Simone Borgheresi
George Hincapie
Stuart O'Grady
Filippo Simeoni
Jens Heppner
François Simon
Frankie Andreu
Thierry Gouvenou
Roberto Conti
Laurent Desbiens
Erik Zabel
Léon van Bon
Paul Van Hyfte
Jacky Durand
Christophe Mengin
Frédéric Guesdon
Wilfried Peeters
Rik Verbrugghe
Magnus Bäckstedt
Eddy Mazzoleni
Fabiano Fontanelli
Stefano Zanini
Alain Turicchia
Mirko Crepaldi
Diego Ferrari
Xavier Jan
Pascal Lino
Fabio Roscioli
Christian Henn
Viatcheslav Djavanian
Rossano Brasi
Jens Voigt
Pascal Deramé
Tom Steels
Eros Poli
Alexei Sivakov
Aart Vierhouten
Robbie McEwen
Paolo Fornaciari
Massimiliano Mori
Bart Leysen
Francesco Frattini
Franck Bouyer
Mario Traversoni
Damien Nazon
Cédric Vasseur
Marty Jemison
Yannick Malard
Emanuele Magri
John Cap
Michael Neumann
Inigo Gonzalez
Carlos Pedreiro
Anthony Verdier
Kristian Holden
Menno van der Wal
Rytis Ruksenas
Flavien Bertrand
Jonathan Nipshagen
Romain Dullieux
Giuseppe De Seriis
Manuel Fuentenebro
Leonardo Compierchio
Mario Buchmann
Gilbert Narcisse
Benjamin Regalado
Sergey Plaksin
Werner Schmid
Rudolf Pavlovic
Quentin Coueffe
Ciprian Pop
Richard Mache
Christophe Chantzis
Thomas Lauritsen
Laurent Miège
Stefan Flamand
Benjamin Abitbol
Thierry Dormoy
Michal Stauber
Dennis Douze
Samuel Parker
Laurentiu Raducan
Ivan Sochnikov
Sean Harper
Keith Wright
Tom Steegmans
Patrick Cosentino
Alex Miller
Julien De Souza
Martinus Loeffen
Ronny Janssens
Pierre Longpre
Teun Raijmakers
Willibald Stopfer
Raul Horta Cando
Sylvio Ciarriocchi
Fabien Segura
Pierre-Henri Bonvoisin
Johan De Roo
Brian Bischoff
Marcelo Rondoni
Daniel Molnar
Enrico Ferrero
Aziz Benchekroun
Niklas Lindberg
Licínio Andrade
Tim Nash
Damien Eck
Cedric Dulas
Paul Auriol
Paul Clarke
Hendrik van der Zwan
Robin Lambert
Adam Roberts
Oleksander Chaban
Franklin Bevaart
Dustin Kuipers
Sean Savage
Akos Nemeth
Jonathan De Schepper
Johann Couturier
Arsen Karapetyan
Henricus Bouwmans
Marco Foeller
Philippe Soyer
Jonas Pukelis
Jim Carr
Manuel Catorce
Martin Winkler
David Botty
Yann Bitton
 
Statistiques - réponses
Réponse % Correct
Jan Ullrich
67%
Jean-Cyril Robin
67%
Alberto Elli
33%
Andrea Tafi
33%
Axel Merckx
33%
Beat Zberg
33%
Benoît Salmon
33%
Bjarne Riis
33%
Bobby Julich
33%
Bo Hamburger
33%
Cédric Vasseur
33%
Christophe Agnolutto
33%
Christophe Mengin
33%
Christophe Rinero
33%
Damien Nazon
33%
Daniele Nardello
33%
Denis Leproux
33%
Eddy Mazzoleni
33%
Erik Zabel
33%
Evgeni Berzin
33%
Frédéric Guesdon
33%
Georg Totschnig
33%
Jacky Durand
33%
Jens Voigt
33%
Jörg Jaksche
33%
Kurt Van De Wouwer
33%
Laurent Desbiens
33%
Laurent Madouas
33%
Leonardo Piepoli
33%
Lylian Lebreton
33%
Magnus Bäckstedt
33%
Marco Pantani
33%
Massimiliano Lelli
33%
Massimiliano Mori
33%
Michael Boogerd
33%
Mirko Crepaldi
33%
Nicolas Jalabert
33%
Pascal Chanteur
33%
Pascal Deramé
33%
Pascal Lino
33%
Philippe Bordenave
33%
Rik Verbrugghe
33%
Robbie McEwen
33%
Rolf Aldag
33%
Simone Borgheresi
33%
Stéphane Heulot
33%
Stuart O'Grady
33%
Thierry Bourguignon
33%
Thierry Gouvenou
33%
Tom Steels
33%
Tyler Hamilton
33%
Udo Bölts
33%
Wilfried Peeters
33%
Aart Vierhouten
0%
Alain Turicchia
0%
Alexei Sivakov
0%
Andrey Teteryuk
0%
Bart Leysen
0%
Christian Henn
0%
Dariusz Baranowski
0%
Diego Ferrari
0%
Eros Poli
0%
Fabiano Fontanelli
0%
Fabio Roscioli
0%
Fabio Sacchi
0%
Filippo Simeoni
0%
Francesco Frattini
0%
Franck Bouyer
0%
François Simon
0%
Frankie Andreu
0%
Geert Verheyen
0%
George Hincapie
0%
Giuseppe Di Grande
0%
Jens Heppner
0%
Kevin Livingston
0%
Koos Moerenhout
0%
Léon van Bon
0%
Maarten den Bakker
0%
Mario Traversoni
0%
Marty Jemison
0%
Massimo Donati
0%
Massimo Podenzana
0%
Oscar Pozzi
0%
Paolo Fornaciari
0%
Patrick Jonker
0%
Paul Van Hyfte
0%
Peter Farazijn
0%
Peter Meinert Nielsen
0%
Riccardo Forconi
0%
Roberto Conti
0%
Roland Meier
0%
Rossano Brasi
0%
Stefano Zanini
0%
Viatcheslav Djavanian
0%
Viatcheslav Ekimov
0%
Xavier Jan
0%
Aucun quiz correspondant
Distribution des résultats
% des personnes avec chaque résultat
Percentile par nombre de réponses
Votre historique - résultats
Vous n’avez pas pris ce quiz